| 000 | 00647nam a2200217Ia 4500 | ||
|---|---|---|---|
| 003 | OSt | ||
| 005 | 20260121114524.0 | ||
| 008 | 210716s1993 xx 000 0 und d | ||
| 040 | _cAIMIT LIBRARY | ||
| 041 | _aeng | ||
| 082 |
_a006.62 _21 _bSTRD |
||
| 100 |
_aStrybel, David J. _9252066 |
||
| 245 |
_aPC tools 7.1 : _binstant reference / _cBy David J Stybel. |
||
| 250 | _a1st ed. | ||
| 260 |
_aNew Delhi : _bBPB Publications , _c1993. |
||
| 300 |
_axix,233p. ; _bPB _c21.3 cm |
||
| 650 |
_aPC Shell _9252067 |
||
| 650 |
_aDesktop manager _9252068 |
||
| 650 |
_aData recovery and system utilities _9252069 |
||
| 942 |
_2ddc _cBK _e1st _k006.62 STRD |
||
| 999 |
_c182480 _d182480 |
||